[Event "ICS rated blitz match"]
[Site "207.99.83.229"]
[Date "1999.06.03"]
[Round "?"]
[White "Hossa"]
[Black "Frank"]
[Result "0-1"]
[WhiteElo "2502"]
[BlackElo "2147"]
[PlyCount "91"]

1. e4 e6 2. d4 c5 3. d5 d6 4. Nc3 Nf6 5. Nf3 Be7 6. Bb5+ Bd7 7. Bxd7+ Qxd7 8.
O-O O-O 9. Bg5 b5 10. dxe6 fxe6 11. e5 dxe5 12. Nxe5 Qxd1 13. Raxd1 b4 14. Nb5
Na6 15. Rfe1 Rfc8 16. Bxf6 Bxf6 17. Rd6 Bxe5 18. Rxe5 Rab8 19. Nxa7 Rd8 20. Nb5
Rxd6 21. Nxd6 Rd8 22. Rxe6 Nc7 23. Re1 Rxd6 24. a4 bxa3 25. bxa3 Ra6 26. Re3
Nb5 27. h4 Rxa3 28. Re8+ Kf7 29. Rb8 Nd4 30. Rb7+ Kg6 31. Rb6+ Kf5 32. Rb7 Kf6
33. Rb6+ Ke5 34. Rb7 Nxc2 35. Rxg7 c4 36. Rxh7 c3 37. Kh2 Nd4 38. Re7+ Kf6 39.
Re1 c2 40. Rc1 Rc3 41. g3 Ne2 42. Re1 c1=Q 43. Rxc1 Rxc1 44. Kh3 Rc4 45. Kh2
Nd4 46. g4 {Hossa resigns} 0-1

[Event "ICS rated blitz match"]
[Site "207.99.83.229"]
[Date "1999.06.03"]
[Round "?"]
[White "Hossa"]
[Black "Pikulis"]
[Result "1-0"]
[WhiteElo "2474"]
[BlackElo "2111"]
[PlyCount "25"]

1. e4 c6 2. d4 d5 3. Nd2 e6 4. exd5 exd5 5. Ngf3 Bg4 6. Be2 Qe7 7. O-O Nf6 8.
Re1 Qc7 9. c4 Be7 10. Ng5 Bxe2 11. Qxe2 h6 12. Ngf3 Nbd7 13. Qxe7# {
Pikulis checkmated} 1-0

[Event "ICS rated blitz match"]
[Site "207.99.83.229"]
[Date "1999.06.03"]
[Round "?"]
[White "LittleGoliath"]
[Black "Hossa"]
[Result "0-1"]
[WhiteElo "2702"]
[BlackElo "2478"]
[PlyCount "92"]

1. Nf3 Nf6 2. g3 d5 3. Bg2 e6 4. O-O Be7 5. c4 dxc4 6. d4 cxd3 7. exd3 O-O 8.
Nc3 Nc6 9. Re1 Bd6 10. Be3 Ng4 11. d4 Bd7 12. Bg5 Be7 13. Bxe7 Qxe7 14. d5 Nd8
15. Qd4 Nf6 16. Ne5 Bc8 17. Rad1 h5 18. Bf3 a5 19. Nc4 Qb4 20. Re5 exd5 21.
Nxd5 Nxd5 22. Bxd5 c5 23. Qd3 Bg4 24. f3 Be6 25. Rxh5 g6 26. Rh4 Bxd5 27. Qxd5
Re8 28. a3 Qb3 29. Rf1 Rc8 30. Qd7 Nc6 31. Rf4 Ne7 32. Re1 Rcd8 33. Nxa5 Qc2
34. Qc7 Rd1 35. Rxd1 Qxd1+ 36. Kg2 Nf5 37. Kh3 Qf1+ 38. Kg4 f6 39. Re4 Rxe4+
40. fxe4 Ne3+ 41. Kh4 Qd1 42. Qc8+ Kh7 43. Qc7+ Kh6 44. Qf4+ g5+ 45. Kh3 Qh5+
46. Qh4 46... g4# {LittleGoliath checkmated} 0-1

[Event "ICS rated blitz match"]
[Site "207.99.83.229"]
[Date "1999.06.03"]
[Round "?"]
[White "Frank"]
[Black "Hossa"]
[Result "1-0"]
[WhiteElo "2175"]
[BlackElo "2503"]
[PlyCount "108"]

1. e4 c5 2. Nf3 e6 3. Nc3 d6 4. d4 cxd4 5. Nxd4 Be7 6. Be2 Nf6 7. O-O O-O 8.
Be3 Nc6 9. Qd2 Ne5 10. h3 d5 11. f4 Nc6 12. e5 Ne4 13. Nxe4 dxe4 14. Nxc6 bxc6
15. Qxd8 Bxd8 16. Rfd1 Rb8 17. b3 a5 18. a4 Be7 19. Ba7 Rb7 20. Be3 Bb4 21. Bd2
Bc5+ 22. Kf1 Ra7 23. Be1 Re8 24. Bf2 e3 25. Bg1 Rd7 26. Rxd7 Bxd7 27. Rd1 Bc8
28. Bc4 g5 29. g3 gxf4 30. gxf4 Kg7 31. Ke2 f6 32. Bxe3 Bxe3 33. Kxe3 fxe5 34.
fxe5 Re7 35. Rd6 Bd7 36. Kd4 Kg6 37. Bd3+ Kg5 38. Be4 Kh4 39. Bxc6 Bxc6 40.
Rxc6 Kxh3 41. Kc5 Kg4 42. Kd6 Rg7 43. Kxe6 Rg6+ 44. Kd5 Rg8 45. e6 Re8 46. Ke5
Rg8 47. e7 Rh8 48. Kf6 h5 49. Kg7 Rb8 50. Kf7 h4 51. e8=Q Rxe8 52. Kxe8 h3 53.
Rh6 Kg3 54. c4 54... Kg4 {Hossa resigns} 1-0

[Event "ICS rated blitz match"]
[Site "207.99.83.229"]
[Date "1999.06.03"]
[Round "?"]
[White "Hossa"]
[Black "OVI68"]
[Result "1-0"]
[WhiteElo "2475"]
[BlackElo "2235"]
[PlyCount "61"]

1. e4 d6 2. d4 g6 3. c4 Bg7 4. Nf3 Nf6 5. Nc3 O-O 6. Be2 Nc6 7. d5 Nb8 8. O-O
Nbd7 9. Bg5 Nc5 10. Qc2 a5 11. Nd2 h6 12. Bh4 c6 13. Rae1 cxd5 14. Nxd5 Nxd5
15. cxd5 Bd7 16. Nc4 b5 17. Nxd6 Qc7 18. Bxe7 Rfb8 19. Rc1 Bd4 20. Rfd1 Be8 21.
Rxd4 Qxe7 22. Qxc5 Bd7 23. Bxb5 Bxb5 24. Nxb5 Qe5 25. Nc7 Rc8 26. d6 Qf4 27. d7
Rd8 28. Nxa8 Kh7 29. Rcd1 Rxa8 30. d8=Q Rxd8 31. Rxd8 {OVI68 resigns} 1-0

[Event "ICS rated standard match"]
[Site "207.99.83.229"]
[Date "1999.06.03"]
[Round "?"]
[White "Hossa"]
[Black "AzkikrU"]
[Result "0-1"]
[WhiteElo "2205"]
[BlackElo "2295"]
[PlyCount "97"]

1. e4 e5 2. Nf3 Nc6 3. Bb5 a6 4. Ba4 Nf6 5. O-O Nxe4 6. d4 Be7 7. Qe2 f5 8.
Bxc6 dxc6 9. dxe5 Bc5 10. Nbd2 O-O 11. Nxe4 fxe4 12. Qxe4 Bf5 13. Qa4 Be6 14.
Be3 Bxe3 15. fxe3 Bd5 16. Qd4 Qe7 17. e4 Be6 18. a3 Rf4 19. Rae1 Re8 20. Qe3
Rff8 21. Rf2 Rd8 22. Qg5 Qc5 23. c3 h6 24. Qg6 Ba2 25. Qg3 Rd3 26. Kh1 Be6 27.
h4 Rf4 28. Rfe2 Rg4 29. Qf2 Qb5 30. Rd2 Rxd2 31. Qxd2 Kh7 32. Kg1 c5 33. Qe2
Qe8 34. Qe3 Qg6 35. Re2 Bc4 36. Rf2 b6 37. Nd2 Be6 38. Qe2 Rxh4 39. Rf8 a5 40.
Qf2 Qh5 41. Qg3 Rh1+ 42. Kf2 Qd1 43. Rd8 g5 44. a4 Bb3 45. Rd7+ Kg6 46. Nf3
Qxd7 47. e6 Qxe6 48. Qxc7 Rb1 49. Ne5+ {Hossa resigns} 0-1

[Event "ICS rated standard match"]
[Site "207.99.83.229"]
[Date "1999.06.03"]
[Round "?"]
[White "AzkikrU"]
[Black "Hossa"]
[Result "1-0"]
[WhiteElo "2338"]
[BlackElo "2201"]
[PlyCount "200"]

1. e4 e5 2. Nf3 Nc6 3. d4 exd4 4. c3 dxc3 5. Nxc3 Nf6 6. e5 Ng4 7. Qe2 Bc5 8.
Bg5 Nd4 9. Bxd8 Nxe2 10. Bxe2 Kxd8 11. h3 Nxf2 12. Rf1 Rf8 13. Rc1 Nxh3 14.
gxh3 d6 15. h4 Bh3 16. Rh1 Bg2 17. Rh2 Bxf3 18. Bxf3 dxe5 19. Rg2 g6 20. Bxb7
Rb8 21. Nd5 Bd6 22. Ba6 f5 23. Nxc7 Rf7 24. Nd5 e4 25. Bc4 Be5 26. Nb4 Rf6 27.
a3 Rd6 28. Bg8 Bf4 29. Rc3 Rb7 30. Rgc2 Rbd7 31. Bxh7 Rd1+ 32. Ke2 R7d2+ 33.
Rxd2+ Rxd2+ 34. Ke1 Rh2 35. Nc6+ Kd7 36. Rc4 Rh1+ 37. Ke2 Rh2+ 38. Kd1 Rh1+ 39.
Kc2 Rc1+ 40. Kb3 Rxc4 41. Kxc4 Kxc6 42. Bxg6 Kd6 43. Bxf5 Ke5 44. Bg6 Bh6 45.
b4 Bf4 46. Be8 e3 47. Kd3 Bh6 48. h5 Kf4 49. Ke2 Bf8 50. Bg6 Bh6 51. a4 Ke5 52.
b5 Kd5 53. a5 Kd6 54. Be4 Kc7 55. Bf3 Bf4 56. Kd3 Bh6 57. Bd5 Bf4 58. Be4 Bg5
59. Bg2 Bf4 60. Bd5 Bg5 61. Ke2 Bh6 62. Be4 Bg5 63. Bh1 Bf4 64. Bf3 Bg5 65. Ba8
Bf4 66. Kf3 Bg5 67. Bd5 Bf4 68. b6+ axb6 69. a6 Kb8 70. Bc4 Bg5 71. Ke4 Bh6 72.
Be2 Kc8 73. Kf5 Bg7 74. Bb5 Kc7 75. Kg6 Bd4 76. h6 Kb8 77. Kf5 Kc8 78. Kf4 Kc7
79. h7 Kc8 80. Ke4 Bc3 81. Bd3 Kb8 82. Kxe3 Ka7 83. Ke4 Bb2 84. Bb5 Bh8 85. Kd5
Ba1 86. Ke6 Bh8 87. Kf7 Bc3 88. Kg8 Ka8 89. h8=Q Bxh8 90. Kxh8 Kb8 91. Kg7 Ka7
92. Kf7 Ka8 93. Kf6 Kb8 94. Ke6 Ka7 95. Ke5 Kb8 96. Kd6 Kc8 97. Kc6 Kb8 98.
Kxb6 Kc8 99. a7 Kd8 100. a8=Q+ 100... Ke7 {Hossa resigns} 1-0

[Event "ICS rated blitz match"]
[Site "207.99.83.229"]
[Date "1999.06.03"]
[Round "?"]
[White "Etan"]
[Black "Hossa"]
[Result "0-1"]
[WhiteElo "2244"]
[BlackElo "2481"]
[PlyCount "56"]

1. e3 c5 2. d3 Nf6 3. g3 d5 4. Bg2 e6 5. Ne2 Bd6 6. O-O O-O 7. b3 Nc6 8. Bb2
Ng4 9. h3 Nge5 10. Nd2 Qf6 11. Kh1 Qh6 12. Nc3 Bd7 13. Qe2 Rae8 14. Rae1 Bb8
15. Kh2 Nb4 16. Qd1 Nexd3 17. cxd3 Nxd3 18. Qc2 Nxe1 19. Rxe1 Qg6 20. Qxg6 fxg6
21. Kg1 Re7 22. Rc1 Bc8 23. Nd1 b6 24. Nf3 e5 25. Rc2 e4 26. Ne1 Ref7 27. Rd2
Bb7 28. Bf1 28... Bxg3 {Etan resigns} 0-1

[Event "ICS rated blitz match"]
[Site "207.99.83.229"]
[Date "1999.06.03"]
[Round "?"]
[White "jlong"]
[Black "Hossa"]
[Result "1/2-1/2"]
[WhiteElo "2425"]
[BlackElo "2494"]
[PlyCount "202"]

1. c4 e5 2. Nc3 Nf6 3. Nf3 Nc6 4. e3 Bb4 5. Nd5 e4 6. Nxb4 Nxb4 7. Ng5 h6 8.
Nh3 d5 9. Qa4+ Nc6 10. cxd5 Qxd5 11. Nf4 Qd6 12. Bb5 O-O 13. Bxc6 Qxc6 14. Qxc6
bxc6 15. b3 Ba6 16. Bb2 Nd5 17. Rc1 Rfc8 18. Rxc6 Nb4 19. Rc5 Rab8 20. a3 Nd3+
21. Nxd3 Rxb3 22. Rc3 Rxc3 23. Bxc3 Bxd3 24. f3 c5 25. Kf2 exf3 26. gxf3 Rc6
27. e4 Ra6 28. Ke3 c4 29. Rg1 g5 30. f4 Rxa3 31. fxg5 h5 32. Rc1 Ra6 33. Kf4
Kh7 34. Ra1 Rxa1 35. Bxa1 Kg6 36. Bd4 a6 37. Bb2 Be2 38. Bf6 Bd1 39. Ke5 Bg4
40. Kd4 Be2 41. Ke3 Bd3 42. Be7 h4 43. Bd8 Kh5 44. Kf3 Bf1 45. Be7 a5 46. Bf6
a4 47. Kf4 a3 48. Bc3 Kg6 49. Be5 Be2 50. Bf6 a2 51. Bd4 h3 52. Bf6 Kh7 53. Kf5
Bf1 54. Bd4 Bd3 55. Ba1 Kg8 56. Bf6 Kf8 57. Bc3 Ke7 58. Ke5 Kd8 59. Kd5 Kd7 60.
Ba1 Kc7 61. Bd4 Be2 62. Bc3 Kd7 63. Be5 Kd8 64. Bb2 Bf1 65. Bd4 Kd7 66. Be5 Be2
67. Bf6 Ke8 68. Ba1 Bf1 69. Be5 Kd7 70. Bd4 Kd8 71. Bb2 Ke7 72. Bf6+ Kf8 73.
Bc3 Bd3 74. Be5 Kg8 75. Bb2 Kh7 76. Ke5 Kg6 77. Kf4 Bc2 78. Bc3 Bd3 79. Be5 Kh5
80. Kf5 Be2 81. Bf6 Bg4+ 82. Kf4 Be6 83. Ba1 Bd7 84. Bc3 Kg6 85. Bd4 Ba4 86.
Bf6 Bd7 87. Bc3 Bc6 88. Bb2 Kh7 89. Kf5 Ba4 90. Bd4 Bd1 91. Be5 Bf3 92. Bf6 Bg2
93. Bd4 Bh1 94. Bc3 Kg8 95. Be5 Bg2 96. Ba1 Kf8 97. Ke5 Ke7 98. Bc3 Bf1 99. Bb2
Ke8 100. Bd4 Kf8 101. Bc5+ 101... Kg7 {Game drawn by the 50 move rule} 1/2-1/2

[Event "ICS rated blitz match"]
[Site "207.99.83.229"]
[Date "1999.06.03"]
[Round "?"]
[White "Hossa"]
[Black "MissSilicon"]
[Result "0-1"]
[WhiteElo "2491"]
[BlackElo "2569"]
[PlyCount "162"]

1. e4 e5 2. Nf3 Nc6 3. Bb5 a6 4. Bxc6 dxc6 5. O-O f6 6. d4 Bg4 7. dxe5 Qxd1 8.
Rxd1 fxe5 9. Rd3 Bd6 10. Nbd2 Nf6 11. Nc4 Nxe4 12. Nfxe5 Bxe5 13. Nxe5 Be6 14.
Re3 O-O-O 15. Re1 Rhe8 16. Bh6 gxh6 17. Rxe4 Bf5 18. Re2 Bxc2 19. f4 Bf5 20.
Rf2 Rd4 21. g3 h5 22. Rc1 h4 23. Kg2 Be4+ 24. Kh3 Bd5 25. Nf3 Bxf3 26. Rxf3 Re2
27. b3 hxg3 28. hxg3 Rxa2 29. Re1 Ra5 30. Re8+ Kd7 31. Rh8 Rh5+ 32. Kg4 Rh6 33.
Kg5 Rg6+ 34. Kh5 Rg7 35. Rf8 Re7 36. Rb8 b6 37. Ra8 a5 38. Ra7 Rde4 39. Rd3+
Ke6 40. Rc3 c5 41. Ra8 Rd7 42. Re8+ Kd5 43. Rxe4 Kxe4 44. Kg5 Rd6 45. Kg4 Rg6+
46. Kh4 c6 47. Rc2 Kf5 48. Kh3 Rh6+ 49. Kg2 Rd6 50. Kh3 Rd3 51. Rb2 Ke4 52. Kh4
Re3 53. Kg4 h5+ 54. Kh4 Kf5 55. Rb1 Re2 56. Kh3 h4 57. g4+ Kxf4 58. Rf1+ Ke5
59. Kxh4 Re4 60. Rb1 Rf4 61. Re1+ Kd5 62. Rd1+ Rd4 63. Rf1 Re4 64. Rf5+ Ke6 65.
Rf3 Ke5 66. Rf7 Rf4 67. Rxf4 Kxf4 68. g5 Kf5 69. Kh5 a4 70. bxa4 c4 71. g6 Kf6
72. Kh6 c3 73. g7 c2 74. g8=N+ Ke6 75. Kg6 c1=Q 76. Nh6 Qg1+ 77. Kh7 Kf6 78.
Ng8+ Kf7 79. Nh6+ Kf8 80. Ng4 Qxg4 81. Kh8 81... Qh3# {Hossa checkmated} 0-1

[Event "ICS rated standard match"]
[Site "207.99.83.229"]
[Date "1999.06.03"]
[Round "?"]
[White "Hossa"]
[Black "AzkikrU"]
[Result "0-1"]
[WhiteElo "2197"]
[BlackElo "2371"]
[PlyCount "141"]

1. e4 e5 2. Nf3 Nc6 3. Bc4 Bc5 4. c3 Nf6 5. d3 a6 6. O-O d6 7. d4 Ba7 8. dxe5
dxe5 9. Qxd8+ Nxd8 10. Bg5 Ne6 11. Nbd2 Nxg5 12. Nxg5 O-O 13. Rad1 Bg4 14. Ndf3
Rae8 15. Nxf7 Rxf7 16. Ng5 Bh5 17. b3 Kf8 18. Bxf7 Bxf7 19. Nxf7 Kxf7 20. Rde1
Rd8 21. Re2 Ke6 22. a4 Rd3 23. Rc1 Ng4 24. Kf1 Nxh2+ 25. Ke1 h5 26. b4 h4 27.
b5 axb5 28. axb5 h3 29. gxh3 Rxh3 30. Kd2 Nf3+ 31. Kc2 Rh2 32. Kd3 Ng5 33. Rg1
Nh3 34. Rxg7 Nf4+ 35. Kd2 Bxf2 36. Rxf2 Rxf2+ 37. Ke3 Re2+ 38. Kf3 Kd6 39. b6
cxb6 40. Rxb7 Rb2 41. Rb8 Rb3 42. Kg4 Ne2 43. Rd8+ Ke7 44. Rb8 Nxc3 45. Kf5 Rb5
46. Rg8 Rb4 47. Rc8 Nxe4 48. Kxe5 Kd7 49. Rc2 Nc5 50. Kd5 Ne6 51. Rc3 Rd4+ 52.
Ke5 Rd6 53. Rb3 Nc5 54. Rb1 Nd3+ 55. Kf5 Kc6 56. Rb3 b5 57. Rc3+ Nc5 58. Rc1 b4
59. Rc2 b3 60. Rb2 Rd5+ 61. Kg6 Kb5 62. Kh6 Kb4 63. Rb1 Ne4 64. Rg1 b2 65. Rb1
Kc3 66. Re1 Nd2 67. Re3+ Kd4 68. Ra3 b1=Q 69. Ra6 Qh1+ 70. Kg6 Qh5+ 71. Kg7 {
Hossa resigns} 0-1

[Event "ICS rated blitz match"]
[Site "207.99.83.229"]
[Date "1999.06.03"]
[Round "?"]
[White "Hossa"]
[Black "sicillianknight"]
[Result "0-1"]
[WhiteElo "2479"]
[BlackElo "2785"]
[PlyCount "95"]

1. d4 Nf6 2. c4 g6 3. Nc3 Bg7 4. e4 d6 5. f3 O-O 6. Be2 e5 7. dxe5 dxe5 8. Bg5
Na6 9. Qxd8 Rxd8 10. Nd5 Rd6 11. Nxf6+ Bxf6 12. Bxf6 Rxf6 13. O-O-O Rd6 14.
Rxd6 cxd6 15. a3 Be6 16. Kd2 Nc5 17. Kc2 Rc8 18. Kd2 Nb3+ 19. Kc3 Nd4 20. b3 b5
21. Bf1 a5 22. f4 bxc4 23. bxc4 Rb8 24. fxe5 dxe5 25. a4 Rb3+ 26. Kd2 Rb1 27.
Bd3 Ra1 28. Kc3 Ra3+ 29. Kd2 Nb3+ 30. Kc2 Nc5 31. Bf1 Nxe4 32. Nf3 f6 33. Rg1
Rxa4 34. c5 Ra2+ 35. Kd3 Nxc5+ 36. Kc3 Ne4+ 37. Kd3 Nf2+ 38. Kc3 Nd1+ 39. Kd3
a4 40. Nh4 a3 41. h3 Rb2 42. Be2 a2 43. Rxd1 Rb1 44. Rd2 Rb3+ 45. Kc2 a1=Q 46.
Rd8+ Kf7 47. Rd7+ Ke8 48. Rc7 {Hossa resigns} 0-1

[Event "ICS Rated standard match"]
[Site "207.99.83.229"]
[Date "1999.06.03"]
[Round "?"]
[White "AzkikrU"]
[Black "Hossa"]
[Result "1-0"]
[WhiteElo "2398"]
[BlackElo "2193"]
[PlyCount "112"]

1. d4 d5 2. c4 e6 3. Nc3 Nf6 4. Bg5 Be7 5. e3 O-O 6. Nf3 h6 7. Bh4 b6 8. cxd5
Nxd5 9. Bxe7 Qxe7 10. Nxd5 exd5 11. Be2 Bb7 12. O-O c5 13. dxc5 bxc5 14. Qc2
Nd7 15. Rfd1 Rab8 16. Rac1 Ba8 17. Rd2 Qf6 18. Bd3 Rfe8 19. Bh7+ Kh8 20. Bf5
Ne5 21. Nxe5 Qxe5 22. b3 Red8 23. Bh3 Rb5 24. Rd3 Rdb8 25. Rc3 c4 26. bxc4 Rb2
27. Qd3 Rg8 28. c5 Qf6 29. R3c2 Rgb8 30. Rf1 Bc6 31. Rxb2 Qxb2 32. Qf5 Bb5 33.
Rb1 Qxa2 34. c6 Qc4 35. Qf4 Qxf4 36. exf4 Re8 37. c7 Ba6 38. Rb8 Rg8 39. f3 d4
40. Rd8 d3 41. Rd6 Bb7 42. Rxd3 Kh7 43. Rb3 Ba6 44. Rb8 g6 45. f5 h5 46. Kf2 g5
47. f6 g4 48. Rxg8 Kxg8 49. fxg4 hxg4 50. Bxg4 Bb7 51. Ke3 Kh7 52. Bf5+ Kg8 53.
c8=Q+ Bxc8 54. Bxc8 Kh7 55. Bf5+ Kg8 56. h4 56... a5 {Hossa resigns} 1-0

[Event "ICS rated blitz match"]
[Site "207.99.83.229"]
[Date "1999.06.03"]
[Round "?"]
[White "blunite"]
[Black "Hossa"]
[Result "0-1"]
[WhiteElo "2263"]
[BlackElo "2474"]
[PlyCount "75"]

1. e4 e5 2. Nf3 Nc6 3. Bc4 Nf6 4. d3 Bc5 5. c3 d6 6. Bb3 O-O 7. Bg5 h6 8. Bh4
Be6 9. Bc2 d5 10. Qe2 dxe4 11. dxe4 g5 12. Bg3 Qd6 13. Nbd2 g4 14. Nh4 Rfd8 15.
Nb3 Qe7 16. O-O Bd6 17. Qe3 Qf8 18. Kh1 Kh8 19. f3 Qg7 20. Nf5 Bxf5 21. exf5
gxf3 22. Rxf3 Rd7 23. Bh4 Ng4 24. Qe4 a5 25. a4 Nf6 26. Bxf6 Qxf6 27. Raf1 Rad8
28. Rh3 Be7 29. Qe3 Bf8 30. Rh5 b6 31. h3 Bg7 32. g4 Ne7 33. g5 Qc6+ 34. Kh2
Qc4 35. Rf2 Nd5 36. Nd2 Qf4+ 37. Qg3 Qxg3+ 38. Kxg3 {blunite resigns} 0-1

[Event "ICS rated blitz match"]
[Site "207.99.83.229"]
[Date "1999.06.03"]
[Round "?"]
[White "Hossa"]
[Black "blunite"]
[Result "1-0"]
[WhiteElo "2481"]
[BlackElo "2256"]
[PlyCount "183"]

1. e4 e5 2. Nf3 Nc6 3. Bc4 Bc5 4. c3 Nf6 5. d4 exd4 6. cxd4 Bb4+ 7. Bd2 Bxd2+
8. Nbxd2 d6 9. O-O O-O 10. Rc1 h6 11. Bb5 Bd7 12. Qb3 Re8 13. Bxc6 bxc6 14. e5
Nd5 15. Qa3 Qe7 16. Nc4 Nb6 17. Na5 dxe5 18. Qxe7 Rxe7 19. Nxe5 f6 20. Nxd7
Rxd7 21. Nxc6 a6 22. Rc3 a5 23. f4 a4 24. Rcf3 Re8 25. Rc1 Re2 26. Rf2 Re3 27.
g3 Kf7 28. Rfc2 Nd5 29. Rc4 Re2 30. Nb4 Rxb2 31. Nxd5 Rxd5 32. Rxa4 Rd7 33. f5
Rd2 34. Ra7 R2xd4 35. Rcxc7 Rxc7 36. Rxc7+ Kf8 37. Rc2 Rd5 38. Rf2 Ra5 39. g4
Ra4 40. h3 Ra3 41. Kg2 Kf7 42. Rc2 Kg8 43. h4 Kh7 44. h5 Kg8 45. Re2 Kf7 46.
Rd2 Kf8 47. Kf2 Kf7 48. Re2 Kf8 49. Rb2 Kf7 50. Kg2 Kf8 51. Kh2 Kf7 52. Rg2 Kf8
53. Rd2 Kf7 54. Rc2 Kf8 55. Rf2 Kf7 56. Kg1 Kf8 57. Kg2 Kf7 58. Kh2 Kf8 59. Kg1
Kf7 60. Rc2 Kf8 61. Kf2 Kf7 62. Rb2 Kf8 63. Kf1 Kf7 64. Re2 Kf8 65. Rg2 Kf7 66.
Ke1 Kf8 67. Kd1 Ke7 68. Kc1 Kd6 69. Kb2 Rf3 70. Rd2+ Kc7 71. Rd4 Rg3 72. Rc4+
Kd7 73. Ra4 Ke7 74. Rd4 Ke8 75. Rb4 Ke7 76. Ra4 Ke8 77. Rd4 Ke7 78. a4 Ke8 79.
a5 Re3 80. Rb4 Re5 81. Ra4 Re7 82. Kc3 Kd8 83. Kc4 Kc8 84. Kb5 Kb8 85. a6 Rd7
86. Kc6 Rc7+ 87. Kd6 Rf7 88. Kc5 Ka7 89. Kb5 Rd7 90. Kc6 Rf7 91. Re4 Kxa6 92.
Ra4# {blunite checkmated} 1-0

[Event "ICS rated blitz match"]
[Site "207.99.83.229"]
[Date "1999.06.03"]
[Round "?"]
[White "blunite"]
[Black "Hossa"]
[Result "1/2-1/2"]
[WhiteElo "2232"]
[BlackElo "2488"]
[PlyCount "155"]

1. d4 Nf6 2. c4 g6 3. Nc3 Bg7 4. e4 d6 5. h3 O-O 6. Bg5 c6 7. Bd3 e5 8. d5 Na6
9. f3 h6 10. Bh4 Nc5 11. Nge2 Qb6 12. Rb1 cxd5 13. cxd5 Bd7 14. g4 a5 15. Bf2
Nxd3+ 16. Qxd3 Qa6 17. Qd2 b5 18. O-O b4 19. Nd1 Bb5 20. Re1 Bd3 21. Rc1 Rac8
22. Ne3 Rxc1 23. Nxc1 Bb1 24. b3 Nh7 25. Qb2 Bd3 26. Qd2 Bb5 27. Kh2 Qc8 28.
Bh4 Ng5 29. Bxg5 hxg5 30. Ne2 Kh7 31. Ng3 Rh8 32. Rc1 Qd8 33. Kg2 Be8 34. Qc2
Qb6 35. Kf2 Bb5 36. Qd2 Kg8 37. Kg2 Bf8 38. Nc4 Qd8 39. Qf2 Qc7 40. Qb6 Qxb6
41. Nxb6 Bd3 42. Nc4 Bxc4 43. Rxc4 Be7 44. Rc7 Kf8 45. Rc8+ Kg7 46. Rxh8 Kxh8
47. Nf1 Bd8 48. Ne3 Kg7 49. Nc4 Bc7 50. Kf2 f5 51. Ke3 f4+ 52. Kd3 Kf6 53. Nb2
Bb6 54. Kc4 Bd4 55. Na4 Be3 56. Kb5 Bc1 57. Kxa5 Bd2 58. Kb5 Bc3 59. Kc6 Ke7
60. Nb6 Bd4 61. Nc8+ Kf7 62. Nxd6+ Ke7 63. Nc4 Kf7 64. d6 Ke6 65. Kc7 Bc5 66.
d7 Be7 67. d8=Q Bxd8+ 68. Kxd8 Kf6 69. Kd7 Kf7 70. Nxe5+ Kf6 71. Nc6 Kf7 72. e5
Kg7 73. e6 Kh6 74. e7 Kh7 75. e8=Q Kg7 76. Qe7+ Kh6 77. Qf8+ Kh7 78. Ne5 {
Hossa stalemated} 1/2-1/2

[Event "ICS rated blitz match"]
[Site "207.99.83.229"]
[Date "1999.06.03"]
[Round "?"]
[White "Hossa"]
[Black "blunite"]
[Result "1/2-1/2"]
[WhiteElo "2475"]
[BlackElo "2244"]
[PlyCount "173"]

1. e4 e5 2. Nf3 Nc6 3. Bc4 Bc5 4. c3 Nf6 5. d4 exd4 6. cxd4 Bb4+ 7. Bd2 d5 8.
exd5 Nxd5 9. O-O Bxd2 10. Qxd2 O-O 11. Bxd5 Qxd5 12. Nc3 Qh5 13. d5 Ne5 14.
Nxe5 Qxe5 15. Nb5 c6 16. Rfe1 Qb8 17. dxc6 bxc6 18. Nd4 Qd6 19. Qc3 Bb7 20. Nf5
Qf6 21. Qxf6 gxf6 22. Ne7+ Kg7 23. Rec1 Rab8 24. b3 Rfe8 25. Nxc6 Bxc6 26. Rxc6
Re2 27. g3 Rd8 28. Ra6 Rdd2 29. Rf1 Rxa2 30. Rxa2 Rxa2 31. Kg2 Rb2 32. Ra1 Rxb3
33. Rxa7 Rc3 34. h4 Rb3 35. Ra5 Rc3 36. Rf5 Rb3 37. h5 h6 38. Rd5 Ra3 39. Rb5
Rc3 40. Ra5 Rb3 41. Rf5 Ra3 42. Kh3 Rc3 43. Kg4 Rb3 44. Kf4 Rb4+ 45. Kf3 Ra4
46. g4 Rc4 47. Rf4 Rc5 48. Ke4 Ra5 49. f3 Re5+ 50. Kd4 Re1 51. Rf5 Re2 52. Kd5
Re1 53. Kc4 Re2 54. Kc5 Re1 55. Kc6 Re2 56. Kd6 Re1 57. Kc5 Rd1 58. Kc6 Rd2 59.
Kb5 Rd3 60. Kb4 Rd1 61. Kc5 Rd3 62. Rf4 Rd1 63. Kc4 Rd2 64. Kc3 Rd1 65. Rf5 Rd6
66. Kc2 Rd7 67. Kb3 Rc7 68. Kb4 Rc1 69. Kb5 Rc2 70. Kb6 Rc3 71. Rf4 Rc1 72. Kb5
Rc2 73. Kb4 Rc1 74. Kb3 Rc6 75. Ka4 Rb6 76. Ka5 Rb1 77. Rf5 Rb3 78. Ka6 Rb1 79.
Rf4 Rb3 80. Ka7 Rb2 81. Rf5 Rb3 82. Ka8 Rb2 83. Rf4 Rb3 84. Rf5 Rb2 85. Rf4 Rb3
86. Rf5 Rb2 87. Rf4 {Game drawn by repetition} 1/2-1/2

[Event "ICS rated blitz match"]
[Site "207.99.83.229"]
[Date "1999.06.03"]
[Round "?"]
[White "blunite"]
[Black "Hossa"]
[Result "1/2-1/2"]
[WhiteElo "2253"]
[BlackElo "2466"]
[PlyCount "138"]

1. d4 Nf6 2. c4 g6 3. Nc3 Bg7 4. e4 d6 5. h3 O-O 6. Bg5 c6 7. Bd3 e5 8. d5 Na6
9. Nge2 Nc5 10. f3 Qb6 11. Rb1 cxd5 12. cxd5 Nxd3+ 13. Qxd3 Nd7 14. Be3 Qd8 15.
g4 b6 16. O-O Qh4 17. Kg2 Nc5 18. Qd2 f6 19. Bf2 Qh6 20. Be3 g5 21. b4 Nb7 22.
Rh1 Qg6 23. Ng3 Kh8 24. Kf2 Bd7 25. h4 Qf7 26. hxg5 fxg5 27. Nf5 Bxf5 28. gxf5
Qc7 29. Ne2 Rac8 30. Rbc1 Qd7 31. Bxg5 a5 32. a3 Rxc1 33. Rxc1 Qe8 34. Rh1 Qa4
35. Bh6 Rf7 36. Bxg7+ Rxg7 37. f6 Rg6 38. Rh6 Qe8 39. Ng3 axb4 40. axb4 Qf7 41.
Nf5 Qxf6 42. Rxg6 hxg6 43. Qh6+ Kg8 44. Ne3 b5 45. Ng4 Qe7 46. Qxg6+ Kf8 47.
Nf6 Qf7 48. Nh7+ Ke7 49. Qg5+ Ke8 50. Nf6+ Kd8 51. Qg8+ Qxg8 52. Nxg8 Ke8 53.
Nh6 Ke7 54. Ke3 Nd8 55. f4 exf4+ 56. Kxf4 Kd7 57. e5 dxe5+ 58. Kxe5 Kc7 59. Nf5
Kd7 60. Kd4 Nb7 61. Ke5 Nd8 62. Nd4 Nf7+ 63. Kf6 Nd6 64. Ne6 Nc4 65. Nd4 Nd6
66. Nf5 Nc4 67. Kf7 Nb6 68. Nd4 Nxd5 69. Nxb5 69... Nxb4 {
Game drawn because neither player has mating material} 1/2-1/2

[Event "ICS rated blitz match"]
[Site "207.99.83.229"]
[Date "1999.06.03"]
[Round "?"]
[White "Hossa"]
[Black "wolfschanze"]
[Result "1/2-1/2"]
[WhiteElo "2457"]
[BlackElo "2716"]
[PlyCount "222"]

1. e4 e5 2. Nf3 Nc6 3. Bc4 Nf6 4. Ng5 d5 5. exd5 Na5 6. Bb5+ c6 7. dxc6 bxc6 8.
Qf3 cxb5 9. Qxa8 Bc5 10. O-O O-O 11. Qb8 Bb6 12. Qxe5 Ng4 13. Qxb5 Nxf2 14.
Rxf2 a6 15. Qf1 Bxf2+ 16. Qxf2 Qxg5 17. Nc3 Qf5 18. Qxf5 Bxf5 19. Nd5 Bxc2 20.
Nb4 Rc8 21. Kf2 Bb3 22. Nxa6 Bc4 23. Nb4 Rb8 24. Nc2 Bxa2 25. Rxa2 Nb3 26. Ra1
Re8 27. Kg3 Rc8 28. Ra7 h5 29. Ne3 Rxc1 30. Rd7 Rb1 31. Nc4 Nc5 32. Rd5 Ne4+
33. Kf4 Nf6 34. Rd8+ Kh7 35. h3 Rf1+ 36. Ke3 Re1+ 37. Kd3 Rg1 38. Ne3 Rb1 39.
Kc2 Ra1 40. Nc4 Rg1 41. Ne5 Rxg2 42. Nxf7 g5 43. Rd6 Kg7 44. Ne5 g4 45. hxg4
hxg4 46. b4 g3 47. Rd3 Nh5 48. Rd4 Nf6 49. b5 Re2 50. Nf3 g2 51. b6 Rf2 52. Ng1
Rf1 53. Nh3 Rh1 54. b7 Rxh3 55. b8=Q g1=Q 56. Qc7+ Kg6 57. Qf4 Rh1 58. Kb3 Qb1+
59. Ka3 Rh3+ 60. d3 Rxd3+ 61. Rxd3 Qxd3+ 62. Ka4 Nd5 63. Qd6+ Kf5 64. Qf8+ Ke4
65. Qe8+ Kd4 66. Qh8+ Kc5 67. Qf8+ Kb6 68. Qd6+ Kb7 69. Qd7+ Ka6 70. Qc8+ Kb6
71. Qe6+ Kc5 72. Qc8+ Kd6 73. Qd8+ Ke6 74. Qe8+ Kf6 75. Qf8+ Kg5 76. Qg7+ Kf4
77. Qh6+ Kg3 78. Qg5+ Kf3 79. Ka5 Qa3+ 80. Kb5 Qb2+ 81. Kc6 Qb6+ 82. Kd7 Qc7+
83. Ke8 Qc8+ 84. Kf7 Qd7+ 85. Kf8 Ke2 86. Qg2+ Kd3 87. Qf1+ Kd4 88. Qf2+ Kc3
89. Qe1+ Kb3 90. Qb1+ Kc4 91. Qc1+ Nc3 92. Qf4+ Kd3 93. Qf3+ Kd2 94. Qf4+ Kc2
95. Qf2+ Kc1 96. Qf1+ Nd1 97. Qe1 Kc2 98. Qe4+ Kc3 99. Kg8 Nb2 100. Qe5+ Kb3
101. Qb8+ Ka2 102. Qa8+ Na4 103. Qg2+ Kb3 104. Qf3+ Kb4 105. Qe4+ Kb5 106. Qb1+
Kc4 107. Qe4+ Kc3 108. Qe3+ Kb2 109. Qe2+ Kb1 110. Qf1+ Kc2 111. Kf8 111... Kb3
{Game drawn by the 50 move rule} 1/2-1/2

[Event "ICS rated blitz match"]
[Site "207.99.83.229"]
[Date "1999.06.03"]
[Round "?"]
[White "wolfschanze"]
[Black "Hossa"]
[Result "1-0"]
[WhiteElo "2706"]
[BlackElo "2467"]
[PlyCount "81"]

1. e4 e5 2. Bc4 Nf6 3. d3 Nc6 4. Nf3 Be7 5. O-O O-O 6. Re1 d6 7. a4 Bg4 8. h3
Bh5 9. g4 Bg6 10. Nh4 Kh8 11. Nxg6+ fxg6 12. a5 b6 13. axb6 axb6 14. Rxa8 Qxa8
15. Bd2 Nd4 16. c3 b5 17. cxd4 bxc4 18. dxe5 dxe5 19. g5 Nd7 20. dxc4 Qb7 21.
Bc3 c6 22. Qg4 Bc5 23. Re2 Qa7 24. Be1 Nb6 25. b4 Bd4 26. Nd2 Qf7 27. c5 Na4
28. Nf1 Nb2 29. Rc2 Nd3 30. Qe2 Nxe1 31. Qxe1 Qb3 32. Re2 Qxh3 33. Ne3 Qh4 34.
Ng2 Qxg5 35. Qd1 Ra8 36. Re1 Ra2 37. Rf1 Ra3 38. Re1 Rg3 39. Qa4 Qg4 40. Qa8+
Qc8 41. Qxc8# {Hossa checkmated} 1-0